000 00517nam a22001937a 4500
003 KOHA_MİRAKIL
005 20251116154750.0
008 251116b tu ||||| |||| 00| 0 tur d
020 _a9786057651082
040 _aTR-AnABB
_btur
_cTR-AnABB
041 _atur
082 _a813.42
_bKUR 2019
100 1 _aKurul, Emrah,
245 1 0 _aSırlıkuyu /
_cEmrah Kurul
260 _aAnkara :
_bMaarif Mektepleri,
_c2019
300 _a111 sayfa ;
_c18 cm
650 0 4 _aTürk edebiyatı, roman
942 _2ddc
_cBK
999 _c9445
_d9445
900 _bGizem YORULMAZ